Сводный каталог периодических и информационных изданий, получаемых крупными библиотеками г. Йошкар-Олы в 1990 году. Ч. 2: Издания органов информации (Запись № 1607235)

Подробности
000 -МАРКЕР
контрольное поле 01211nam2a2200229 4500
001 - ИДЕНТИФИКАТОР ЗАПИСИ
контрольное поле RU\NLR\bibl\581467
005 - ИДЕНТИФИКАТОР ВЕРСИИ
контрольное поле 20250610135721.0
035 ## - ДРУГИЕ СИСТЕМНЫЕ НОМЕРА
Идентификатор записи (NLR Aleph) 000573465
100 ## - ДАННЫЕ ОБЩЕЙ ОБРАБОТКИ
Данные общей обработки 20041207d1990 |||y0rusy50 ca
101 0# - ЯЗЫК РЕСУРСА
Язык текста, звукозаписи и т.д. русский
102 ## - СТРАНА ПУБЛИКАЦИИ ИЛИ ПРОИЗВОДСТВА
Страна публикации Российская Федерация
105 ## - ПОЛЕ КОДИРОВАННЫХ ДАННЫХ: ТЕКСТОВЫЕ МАТЕРИАЛЫ, МОНОГРАФИЧЕСКИЕ
Кодированные данные о монографическом текстовом документе y |||||||||
200 1# - ЗАГЛАВИЕ И СВЕДЕНИЯ ОБ ОТВЕТСТВЕННОСТИ
Основное заглавие Издания органов информации
210 ## - ПУБЛИКАЦИЯ, РАСПРОСТРАНЕНИЕ И ДР.
Дата издания, распространения и т.д. 1990
Место издания, распространения и т.д. Б. м.
215 ## - ФИЗИЧЕСКАЯ ХАРАКТЕРИСТИКА
Специфическое обозначение материала и объем 15,[1] с.
461 #0 - УРОВЕНЬ НАБОРА
Встроенное поле 001RU\NLR\bibl\728820
-- 2001#$aСводный каталог периодических и информационных изданий, получаемых крупными библиотеками г. Йошкар-Олы в 1990 году$vЧ. 2
Системный номер (АБИС) связанной записи 689803
Место публикации Йошкар-Ола
Дата публикации 1990
Первые сведения об ответственности М-во культуры Марийс. АССР. гос. респ. универс. науч. б-ка им. С.Г. Чавайна
Имя издателя, распространителя и т.д. Б.и.
Заглавие Сводный каталог периодических и информационных изданий, получаемых крупными библиотеками г. Йошкар-Олы в 1990 году
Номер тома Ч. 2
801 #0 - ИСТОЧНИК ЗАПИСИ
Страна Российская Федерация
Организация NLR
Дата составления 20041207
Правила каталогизации PSBO
801 #1 - ИСТОЧНИК ЗАПИСИ
Страна Российская Федерация
Организация NLR
Дата составления 20041207
942 ## - ДОПОЛНИТЕЛЬНЫЕ ЭЛЕМЕНТЫ ЗАПИСИ (АБИС)
Тип экземпляра АБИС Книга
980 ## - КОЛЛЕКЦИЯ
Название коллекции Национальная библиография
Экземпляры
Тип экземпляра Дата поступления Источник поступления Библиотека постоянного хранения Библиотека текущего хранения Место хранения Шифр хранения Штрих-код Статус экземпляра
Книга 07.12.2004 Дар РНБ (Московский) РНБ (Московский) Центральная справочная библиотека С 2004-1/451 1-1600208